000 00671nam a22002177a 4500
003 UA-OsUOA
001 93647
007 ta
008 20130124b un ||||| |||| 00| 0 ukr d
100 _aЗабчук Г.
090 _a330(477)
_bЗ-12
942 _cSA
040 _aUA-OsUOA
_bukr
_cUA-OsUOA
_dUA-OsUOA
245 _aКредитні важелі стимулювання виробництва: теоретичні аспекти та особливості практичного застосування
300 _aС.59-69
955 _a0
041 _aukr
080 _a330(477)
773 0 _w93642
650 7 _a330 Економіка взагалі
_2UDC
999 _c379891
_d379891